00440 a2200121 4500001000900000005001700009008004100026245011800067100002100185700001900206773007600225999001700301ART_856720260410161844.0260409a 10aMarco de referencia para un programa de investigación en temas de ciencia y tecnología en la América Latina1 aCibotti, Ricardo1 aKatz, Jorge M.0 tEl trimestre económicog- Vol. XLV, Nº 177 (ene./mar. 1978)wREV6933 c24380d24380